Statistics for Color Wheel

Click here to take the quiz!

General Stats

  • This quiz has been taken 1,184 times
  • The average score is 9 of 17

Answer Stats

Answer% Correct
orange
100%
red
100%
yellow
100%
blue
99%
green
99%
violet
93%
indigo
82%
purple
75%
magenta
61%
cyan
53%
chartreuse
20%
rose
14%
azure
11%
vermilion
9%
amber
7%
spring green
5%
viridian
5%

Score Distribution

Percentile by Number Answered

Percent of People with Each Score

Your Score History

You have not taken this quiz